The home information pack - time to 'get packing'? (Record no. 75946)
[ view plain ]
| 000 -LEADER | |
|---|---|
| fixed length control field | 01218cab a2200181 4500 |
| 001 - CONTROL NUMBER | |
| control field | ##L131109 |
| 008 - FIXED-LENGTH DATA ELEMENTS--GENERAL INFORMATION | |
| fixed length control field | 050929n2005 000 0 eng u |
| 035 ## - SYSTEM CONTROL NUMBER | |
| System control number | (Sirsi) u131109 |
| 041 ## - LANGUAGE CODE | |
| Language code of text/sound track or separate title | eng |
| 100 ## - MAIN ENTRY--PERSONAL NAME | |
| Personal name | Garson, Michael |
| 245 04 - TITLE STATEMENT | |
| Title | The home information pack - time to 'get packing'? |
| 260 ## - PUBLICATION, DISTRIBUTION, ETC. | |
| Date of publication, distribution, etc. | 2005 |
| 490 #0 - SERIES STATEMENT | |
| Series statement | New Law Journal |
| Volume/sequential designation | 155 (7193) 23 September 2005, 1392 - 1394 (2) |
| 520 ## - SUMMARY, ETC. | |
| Summary, etc. | Draft regulations for the implementation of Home Information Packs (HIPs) are due to be published shortly. The basic HIP is likely to consist of a sale statement, title documents, local searches and a home condition report. A 'dry run' for HIPs is likely to be held in 2006. The costs of a HIP will be borne by the seller. A new industry of pack providers has already come into existence; it is anticipated that competition between such providers will help to keep costs down. The article also considers a number of practical issues such as early marketing, resource implications for managing agents and estate agents, consumer complaints, and updating of packs. |
| 590 ## - LOCAL NOTE (RLIN) | |
| Local note | IKA111005 |
| 690 ## - LOCAL SUBJECT ADDED ENTRY--TOPICAL TERM (OCLC, RLIN) | |
| Topical term or geographic name as entry element | PROPERTY-RESIDENTIAL PROPERTY-ACQUISITION AND DISPOSAL OF RESIDENTIAL PROPERTY-HOME BUYING REFORM |
| 942 ## - ADDED ENTRY ELEMENTS (KOHA) | |
| Suppress in OPAC | 0 |
| Withdrawn status | Lost status | Source of classification or shelving scheme | Damaged status | Not for loan | Home library | Current library | Shelving location | Date acquired | Total Checkouts | Full call number | Barcode | Date last seen | Copy number | Price effective from | Koha item type |
|---|---|---|---|---|---|---|---|---|---|---|---|---|---|---|---|
| Dewey Decimal Classification | London | London | Journal article | 29/09/2005 | L131109 | 131109-1001 | 06/08/2019 | 1 | 06/08/2019 | Journal article |